Four Plus Five Quiz Stats

 Plays Quiz Updated Mar 1, 2019

Score 0/30 Timer 05:00
2 Plays Today
Hint Answer % Correct
Cartoon character who asked 'What's Up, Doc?'Bugs Bunny
88.5%
National animal of the United StatesBald eagle
85.6%
Sacred cup from Arthurian legend or Monty PythonHoly Grail
80.9%
Former heavyweight boxer with a vicious biteMike Tyson
80.1%
Poker hand, Yahtzee roll, or ABC sitcomFull House
78.5%
College from which one has graduatedAlma mater
77.9%
Psychedelic rock band with album 'The Wall'Pink Floyd
77.4%
Disney princess based on a German fairy taleSnow White
77%
Tractor brand named for the steel plow inventorJohn Deere
75.8%
Toy with springs and footrests used for jumpingPogo stick
71.9%
Earliest US president not on a currently minted coinJohn Adams
69.9%
Bear-shaped constellation containing the Big DipperUrsa Major
69.1%
Largest animal known to have ever existedBlue whale
66.9%
Piece of furniture for seating and feeding babiesHigh chair
66.7%
Star of Easy A and La La LandEmma Stone
66.6%
Hint Answer % Correct
He has portrayed Chris Gardner and Muhammad AliWill Smith
66.1%
Artificial waterway in northeast EgyptSuez Canal
64.8%
Author of The Diary of a Young GirlAnne Frank
63.1%
Founder of Amazon and first ever centibillionaireJeff Bezos
63.1%
Mall or airport area with many adjacent restaurantsFood court
61.5%
French term for a sudden seizure of powerCoup d'├ętat
56.7%
Charlie Brown's usual catchphraseGood grief
55%
Latin phrase meaning 'the other way around'Vice versa
52.8%
Fermented dairy product often used on nachosSour cream
50.6%
'Striking' shape of a normal distributionBell curve
50%
Literary personification of winter and snowJack Frost
46.1%
Episodic series dealing with interpersonal dramaSoap opera
42.1%
Non-alcoholic carbonated beverageSoft drink
37%
West African island country with a Portuguese nameCabo Verde
36.8%
Underdog candidate or Katy Perry songDark horse
33.4%

You're not logged in!

Compare scores with friends on all Sporcle quizzes.
OR
Log In

Sporcle TV

Today on Sporcle TV


Watch our educational content, quiz creation guides, and fun videos on Sporcle TV.

Show Comments

Extras

Top Quizzes Today


Score Distribution

Your Account Isn't Verified!

In order to create a playlist on Sporcle, you need to verify the email address you used during registration. Go to your Sporcle Settings to finish the process.

Report this User

Report this user for behavior that violates our Community Guidelines.

Details: